000 00508nam a2200193 i 4500
001 72543
003 ES-MaACL
005 20250827035255.0
007 t|
008 040901s1966 sp ||||1| spa d
100 1 _aGirona, José.
_957279
245 1 2 _aL'excursionisme /
_cJosep Girona.
250 _a[1ª ed.].
260 _aBarcelona :
_bBruguera,
_c[1966]
300 _a108 p. ;
_c18 cm.
650 0 7 _aExcursionismo
_2embne
_912651
852 _aES-MaACL
_jC-31181
_bR.61510
999 _c72543
_d72543